Sociología del derecho

Guardat en:
Dades bibliogràfiques
Autor principal: Rehbinder, Manfred (Autor)
Format: Llibre
Idioma:espanyol
Publicat: Madrid Pirámide 1981
Matèries:
Etiquetes: Afegir etiqueta
Sense etiquetes, Sigues el primer a etiquetar aquest registre!

MARC

LEADER 00000nam a2200000 a 4500
001 UCR0149
003 CL-VaPUC
008 971129e19810000SP |||||||||||||||||spa|d
082 0 4 |a 340.115  |b REH  |2 21 
100 0 |a Rehbinder, Manfred  |e author  |9 395664 
245 1 0 |a Sociología del derecho 
300 |a 197 p 
942 |c BK 
945 |d 19971129 00:00:00  |a cmena 
260 |a Madrid  |b Pirámide  |c 1981 
650 7 |a SOCIOLOGIA JURIDICA  |2 CL-VaPUC  |9 395665 
650 0 |a Filosofía del derecho   |9 255050 
650 0 |a Dogmática jurídica  |9 337910 
650 0 |a Ciencias sociales  |v Investigación  |9 307767 
650 0 |a Jurisprudencia  |9 255952 
650 0 |a Normas jurídicas  |9 258310 
650 0 |a Derecho comparado  |9 255664 
583 |a last modification  |c 19971129 00:00:00  |k Rodrigo Vera 
999 |c 263801  |d 263799 
952 |0 0  |1 0  |4 0  |6 340_115000000000000_REH_1981  |7 0  |8 DER_TF  |9 293275  |a BIBDER  |b BIBDER  |d 2019-11-19  |i 190776K  |o 340.115 REH 1981  |p 190776K  |r 2023-01-25  |w 2019-11-19  |x Ubicación 4to Piso  |y BK  |z Estos recursos deben solicitarse con anticipación  |k DER